| 000 | 00800cam a22001934a 4500 | ||
|---|---|---|---|
| 005 | 20250605164127.0 | ||
| 008 | 250528s ||||||||||||||||||||||||d | ||
| 035 | _a18512 | ||
| 020 | _a534981801 | ||
| 040 |
_aGR-AtMCL _bgre _dGR-AtMCL _eAACR2 |
||
| 245 | 1 | _aPartial Differential Equations / Analytical Solution Techniques | |
| 260 |
_bWadsworth & Brooks/ Cole Advanced Books & Software, _c1990 |
||
| 300 | _a560 | ||
| 520 | _aThe Diffusion Equation, Laplace's Equation, The Wave Equation, Linear Second-Order Equations with Two Independent Variables, Quasilinear First-Order Equations, Nonlinear First-Order Equations, Quasilinear Hyperbolic Systems, Perturbation Solutions, Problems, References, Index. | ||
| 700 | 1 |
_aKevorkian J _94777 |
|
| 942 | _cBK | ||
| 999 |
_c3870 _d3870 |
||